000 00518nam a2200205Ia 4500
003 OSt
005 20220923231008.0
006 a|||||r|||| 00| 0
007 ta
008 220922b |||||||| |||| 00| 0 pan d
024 _a351,491
037 _cTextual
040 _aARTS
_cARTS
_bpan
041 _2pan
_apan
100 _aਰਵੀ, ਰਵਿੰਦਰ, ਂਚ.
245 0 _aFਬਦੋ ਪਾਰ
260 _c1998
942 _cTEXL
_2CC
999 _c388665
_d388665